Introduccin̤ a la psicosociologa̕ del derecho

Detalles Bibliográficos
Autor principal: Hoyo Sierra, Isabel
Autor Corporativo: Universidad Rey Juan Carlos (Madrid)
Otros Autores: Alcover de la Hera, Carlos Mara̕
Formato: Desconocido
Lenguaje:español
Publicado: Madrid : Dykinson, D.L. 2004
Materias:
Acceso en línea:Acceso restringido

MARC

LEADER 00000ny a22000003n 4500
005 20110525100545.0
008 040525s2004 sp fs 001 0 spa c
017 |a D.L. SE.1331-2004 
020 |a 8497723732 
035 |a 642 
040 |a SpMaUCDE  |d vLex 
040 |a UMA.RE  |d vLex 
080 |a 340.06:316.6 
090 |c 244  |d 244 
100 1 |a Hoyo Sierra, Isabel 
245 1 0 |a Introduccin̤ a la psicosociologa̕ del derecho  |h [Recurso electrn̤ico]  |c Isabel Hoyo Sierra, (coordinadora) ; Carlos M® Alcover de la Hera ... [et al.] 
256 |a Servicio en ln̕ea 
260 |a Madrid :  |b Dykinson,  |c D.L. 2004 
300 |a 276 p. ;  |c 24 cm 
500 |a En la cub. : Universidad Rey Juan Carlos 
506 1 |a Contenido solo disponible en los productos indicados  |d vLex Global  |d vLex Global (Academic Edition, excluding Law Schools)  |d vLex Global (U.S. Academic Edition, Law Schools)  |d vLex Global (U.S. Academic Edition, excluding Law Schools)  |d vLex Global (Academic Edition, Law Schools) 
650 0 7 |a Penal  |2 Tesauro vLex 
650 0 7 |a Ciencia del Derecho  |2 Tesauro vLex 
700 1 |a Alcover de la Hera, Carlos Mara̕ 
710 1 |a Universidad Rey Juan Carlos (Madrid) 
740 0 |a vLex Libros (Servicios en ln̕ea) 
856 4 0 |u http://vlex.com/source/642  |z Acceso restringido 
942 |c BOOK 
999 0 |a Taxation  |b Madrid